000 01029nam a22002057a 4500
999 _c59368
_d59368
003 Ge_BSU
005 20230131135021.0
008 230131s2000 ge ||||| |||| 00| 0 geo d
020 _a9992822384
041 _ageo
080 _a347.6(075.8) ჩ-59
100 _aჩიკვაშვილი, შალვა
_916624
245 _aსაოჯახო სამართალი :
_b [სახელმძღვ. უმაღ. სასწ. იურიდ. ფაკ-ტის სტუდ.-თვის /
_cრედ.: ლელა ნადიბაიძე].
250 _aმე-3 გადამუშ. გამოც. უახლესი ცვლილებებითა და დამატებებით.
264 _aთბილისი :
_bმერიდიანი,
_c2000.
300 _a536 გვ. ;
_b20 სმ.
520 _aრეზიუმე რუს. ენ.
653 _aსაქართველოს საოჯახო სამართალი
942 _2udc
_cBK